Ako zdaňovať príjmy. 18 Ročné zúčtovanie preddavkov na daň z príjmov
Upozornenie na pripravovanú novelizáciu zákona o správe daní a poplatkov č.511/1992 Zb.
Salvato in:
| Autore principale: | |
|---|---|
| Altri autori: | |
| Natura: | Capitolo di libro |
| Lingua: | slovacco |
| Soggetti: | |
| Tags: |
Nessun Tag, puoi essere il primo ad aggiungerne!!
|
MARC
| LEADER | 00000naa a2200000 4500 | ||
|---|---|---|---|
| 001 | r000197 | ||
| 005 | 20221213123328.1 | ||
| 041 | 0 | |a slo | |
| 044 | |a SK | ||
| 245 | 1 | 0 | |a Ako zdaňovať príjmy. 18 |b Ročné zúčtovanie preddavkov na daň z príjmov |c Dagmar Piršelová, E. Klimešová |
| 520 | |a Upozornenie na pripravovanú novelizáciu zákona o správe daní a poplatkov č.511/1992 Zb. | ||
| 610 | 2 | 0 | |a dane z príjmov |
| 610 | 2 | 0 | |a Slovensko |
| 610 | 2 | 0 | |a 1993 |
| 610 | 2 | 0 | |a priznania daňové |
| 610 | 2 | 0 | |a zúčtovanie |
| 610 | 2 | 0 | |a zákony |
| 610 | 2 | 0 | |a 1992 |
| 610 | 2 | 0 | |a 1993 |
| 610 | 2 | 0 | |a 1994 |
| 100 | 1 | |a Piršelová, Dagmar | |
| 700 | 1 | |a Klimešová, E. | |